Carregant...

Ayodhya, archaeology after demolition: a critique of the "new" and "fresh" discoveries/

Dades bibliogràfiques
Autor principal: Mandal, D.
Format: Printed Book
Idioma:English
Publicat: New Delhi: Orient Longman, 1993.
Matèries:
LEADER 00630cam a2200169 a 4500
005 20170509154651.0
008 170509b xxu||||| |||| 00| 0 eng d
999 |c 18184  |d 18184 
082 0 0 |a P 954.2  |b MAN 
100 1 |a Mandal, D. 
245 1 0 |a Ayodhya, archaeology after demolition:  |b a critique of the "new" and "fresh" discoveries/  |c D. Mandal. 
260 |a New Delhi:  |b Orient Longman,  |c 1993. 
300 |a xiv, 69p. 
650 0 |a Excavations  
650 0 |a Archaeology 
942 |2 ddc  |c REF 
952 |0 0  |1 0  |2 ddc  |4 0  |5 1  |6 U_954_200000000000000_MAN  |7 0  |9 25383  |a MAIN  |b MAIN  |d 2017-05-09  |e Unithiri shekaram  |o U 954.2 MAN  |p 26303  |r 2017-05-09  |w 2017-05-09  |y REF